| 000 | 00485nam a2200169Ia 4500 | ||
|---|---|---|---|
| 008 | 230917s9999||||xx |||||||||||||| ||und|| | ||
| 020 | _cRS495 | ||
| 040 |
_e232868 _aMAIN |
||
| 041 | _aEnglish | ||
| 082 | _a823.09 M34I:C | ||
| 100 | _aIrshad | ||
| 245 | 0 | _aCross- cultural interaction in the novels of Kamala Markandaya | |
| 260 |
_aNew Delhi _bAtlantic Publishers _c2013 |
||
| 300 | _a124 p. | ||
| 500 | _a2317 29/03/2016 UBC15/7446 29/03/2016 Women Studies Centre | ||
| 942 | _cBK | ||
| 999 |
_c18540 _d18540 |
||